000 00410nam a22001697a 4500
005 20180904110133.0
008 160524b xxu||||| |||| 00| 0 eng d
020 _a81-203-1964-8
041 _aeng
082 _b4588
_a658.4012
100 _aBowman, Cliff
_94855
245 _aStrategic Management
260 _aNew Delhi
_bAcademic Faundation
300 _a147p,
650 _aManagement
_9241
942 _cBK
999 _c1540
_d1539